000
00208 a2200097 4500
001
19863
100
_a
Felker C A
245
_a
Machine-shop technology
260
_a
_b
Bruce Pub Co
_c
090
_c
14485
_d
14485
942
_a
NUST-CAE
_c
M
_c
4986
999
_c
254936
_d
254936